[Event "AUT-chT2M 0405"]
[Site "Austria"]
[Date "2005.03.06"]
[Round "9.5"]
[White "Mitter, Gerd"]
[Black "Rockenschaub, Manfred"]
[Result "1/2-1/2"]
[WhiteElo "2174"]
[BlackElo "2212"]
[PlyCount "52"]
[EventDate "2004.10.16"]
[EventType "team-tourn"]
[EventRounds "11"]
[EventCountry "AUT"]
[SourceTitle "EXT 2005"]
[Source "ChessBase"]
[SourceDate "2004.11.15"]
[SourceVersion "1"]
[SourceVersionDate "2004.11.15"]
[SourceQuality "1"]
[WhiteTeam "Trofaiach Niklasdorf"]
[BlackTeam "Wartberg/Aist"]
[WhiteTeamCountry "AUT"]
[BlackTeamCountry "AUT"]

1. g3 g6 2. Bg2 Bg7 3. d4 Nf6 4. Nf3 c5 5. 0-0 0-0 6. c4 d6 7. Nc3 Nc6 8. dxc5 dxc5 9. Be3 Be6 10. Qa4 Qb6 11. Qb5 Nd7 12. Rfd1 a6 13. Qxb6 Nxb6 14. Nd2 Bd4 15. Bxd4 cxd4 16. Nd5 Bxd5 17. cxd5 Nb4 18. Nb3 N4xd5 19. Rxd4 e6 20. Na5 Rab8 21. Rc1 Rfc8 22. Rdd1 Na4 23. Bxd5 exd5 24. Rxc8+ Rxc8 25. Nxb7 Rb8 26. Rd4 Nxb2 1/2-1/2

[Event "AUT-chT2M 0405"]
[Site "Austria"]
[Date "2004.10.17"]
[Round "2.5"]
[White "Waldmann, Gerald"]
[Black "Rockenschaub, Manfred"]
[Result "0-1"]
[WhiteElo "2162"]
[BlackElo "2212"]
[PlyCount "102"]
[EventDate "2004.10.16"]
[EventType "team-tourn"]
[EventRounds "11"]
[EventCountry "AUT"]
[SourceTitle "EXT 2005"]
[Source "ChessBase"]
[SourceDate "2004.11.15"]
[SourceVersion "1"]
[SourceVersionDate "2004.11.15"]
[SourceQuality "1"]
[WhiteTeam "Wolfsberg"]
[BlackTeam "Wartberg/Aist"]
[WhiteTeamCountry "AUT"]
[BlackTeamCountry "AUT"]

1. e4 c5 2. Nf3 d6 3. d4 cxd4 4. Nxd4 Nf6 5. Nc3 a6 6. f3 b5 7. Be3 Bb7 8. Qd2 e6 9. 0-0-0 Nc6 10. g4 Rc8 11. g5 Nd7 12. h4 Nde5 13. f4 Nxd4 14. Bxd4 Nf3 15. Qe3 Nxd4 16. Qxd4 Qc7 17. Rh2 Qc5 18. Qxc5 Rxc5 19. Bd3 Be7 20. f5 h6 21. gxh6 Rxh6 22. h5 Bf6 23. Ne2 Re5 24. Ng3 Bg5+ 25. Kb1 Bf4 26. Rh3 Bxg3 27. Rxg3 Bxe4 28. Bxe4 Rxe4 29. fxe6 Rexe6 30. Rxg7 Rxh5 31. Rf1 Rhe5 32. Kc1 Re1+ 33. Rxe1 Rxe1+ 34. Kd2 Re6 35. Kd3 Ke7 36. Rg8 f5 37. c4 bxc4+ 38. Kxc4 Re2 39. Ra8 Rxb2 40. Rxa6 f4 41. Kc3 f3 42. Ra4 f2 43. Rf4 Rxa2 44. Kd3 Ke6 45. Ke3 Kd5 46. Rxf2 Rxf2 47. Kxf2 Kd4 48. Ke2 Kc3 49. Kd1 Kd3 50. Ke1 d5 51. Kd1 d4 0-1

[Event "AUT-ch"]
[Site "Austria"]
[Date "1996.??.??"]
[Round "2"]
[White "Rockenschaub, Manfred"]
[Black "Neubauer, Martin"]
[Result "0-1"]
[WhiteElo "2205"]
[BlackElo "2315"]
[PlyCount "80"]
[EventDate "1996.??.??"]
[EventType "swiss"]
[EventRounds "9"]
[EventCountry "AUT"]
[SourceTitle "EXT 1998"]
[Source "ChessBase"]
[SourceDate "1997.11.17"]
[SourceVersion "1"]
[SourceVersionDate "1997.11.17"]
[SourceQuality "1"]

1. d4 e6 2. Nf3 c5 3. c4 d5 4. e3 Nf6 5. Nc3 Nc6 6. Bd3 a6 7. cxd5 exd5 8. h3 Be7 9. 0-0 0-0 10. Re1 Re8 11. a3 c4 12. Bc2 b5 13. e4 dxe4 14. Nxe4 Bb7 15. Bg5 Nxe4 16. Rxe4 Bxg5 17. Rxe8+ Qxe8 18. Nxg5 h6 19. Ne4 Rd8 20. Qg4 Qe7 21. Ng3 Nxd4 22. Nf5 Qg5 23. Qxg5 hxg5 24. Nxd4 Rxd4 25. Rd1 Rxd1+ 26. Bxd1 Kf8 27. g3 Ke7 28. Kf1 Kd6 29. Ke2 Be4 30. Ke3 Kd5 31. f4 gxf4+ 32. gxf4 Bf5 33. Bf3+ Kc5 34. h4 a5 35. Bd1 b4 36. axb4+ axb4 37. Ba4 c3 38. bxc3 bxc3 39. Be8 f6 40. Bf7 Kb4 0-1

[Event "AUT-ch"]
[Site "Austria"]
[Date "1996.??.??"]
[Round "7"]
[White "Roth, Peter"]
[Black "Rockenschaub, Manfred"]
[Result "1-0"]
[WhiteElo "2295"]
[BlackElo "2205"]
[PlyCount "87"]
[EventDate "1996.??.??"]
[EventType "swiss"]
[EventRounds "9"]
[EventCountry "AUT"]
[SourceTitle "EXT 1998"]
[Source "ChessBase"]
[SourceDate "1997.11.17"]
[SourceVersion "1"]
[SourceVersionDate "1997.11.17"]
[SourceQuality "1"]

1. e4 c5 2. Nf3 d6 3. d4 cxd4 4. Qxd4 a6 5. Bg5 Nc6 6. Qd2 h6 7. Bh4 g5 8. Bg3 Bg7 9. c3 Nf6 10. Bd3 Nd7 11. Na3 g4 12. Nh4 Nde5 13. Be2 b5 14. f4 gxf3 15. gxf3 Rb8 16. Nc2 Nc4 17. Bxc4 bxc4 18. Ne3 Qa5 19. Nxc4 Qc5 20. Qd5 Rxb2 21. Qxc5 Bxc3+ 22. Kd1 dxc5 23. Nxb2 Bxb2 24. Rb1 Bf6 25. Rb6 Nd4 26. Rf1 Rg8 27. Ng2 e6 28. Ne3 Bd8 29. Rb8 Kd7 30. Ng4 Nc6 31. Rb2 h5 32. Ne5+ Nxe5 33. Bxe5 a5 34. Rd2+ Kc6 35. Kc2 Be7 36. Rb1 f6 37. Bc3 a4 38. Ba5 c4 39. Kc3 Bc5 40. Bb4 Bxb4+ 41. Rxb4 Ba6 42. Rxa4 Bb5 43. Ra7 Kb6 44. Re7 1-0

[Event "AUT-chT 9697"]
[Site "Austria"]
[Date "1996.??.??"]
[Round "4"]
[White "Schneider Zinner, Harald"]
[Black "Rockenschaub, Manfred"]
[Result "1-0"]
[WhiteElo "2155"]
[BlackElo "2205"]
[PlyCount "39"]
[EventDate "1996.??.??"]
[EventType "team"]
[EventRounds "11"]
[EventCountry "AUT"]
[SourceTitle "CBM 057 Extra"]
[Source "ChessBase"]
[SourceDate "1997.05.01"]
[SourceVersion "1"]
[SourceVersionDate "1997.05.01"]
[SourceQuality "1"]

1. d4 Nf6 2. Nf3 c5 3. d5 g6 4. Nc3 d6 5. e4 Bg4 6. Be3 a6 7. a4 Qa5 8. Bd3 Bg7 9. 0-0 Nbd7 10. h3 Bxf3 11. gxf3 h5 12. f4 h4 13. Qf3 Nh5 14. Bd2 g5 15. fxg5 Ne5 16. Qf5 c4 17. Be2 Qb6 18. a5 Qc5 19. Na4 Qc7 20. Bc3 1-0

[Event "AUT-ch"]
[Site "Austria"]
[Date "1994.??.??"]
[Round "9"]
[White "Rockenschaub, Manfred"]
[Black "Hinteregger, Arthur"]
[Result "1/2-1/2"]
[WhiteElo "2280"]
[BlackElo "2155"]
[PlyCount "31"]
[EventDate "1994.??.??"]
[EventType "swiss"]
[EventRounds "9"]
[EventCountry "AUT"]
[SourceTitle "EXT 1999"]
[Source "ChessBase"]
[SourceDate "1998.11.16"]
[SourceVersion "1"]
[SourceVersionDate "1998.11.16"]
[SourceQuality "1"]

1. Nf3 e6 2. g3 f5 3. Bg2 Nf6 4. 0-0 Be7 5. c4 d6 6. Nc3 0-0 7. d4 Qe8 8. Re1 Qg6 9. Bg5 h6 10. Bxf6 Bxf6 11. e4 fxe4 12. Nxe4 Nc6 13. Qd2 e5 14. dxe5 dxe5 15. Qd5+ Qf7 16. Nxf6+ 1/2-1/2

[Event "AUT-ch"]
[Site "Austria"]
[Date "1994.??.??"]
[Round "3"]
[White "Rockenschaub, Manfred"]
[Black "Klug, Robert"]
[Result "1/2-1/2"]
[WhiteElo "2280"]
[BlackElo "2105"]
[PlyCount "81"]
[EventDate "1994.??.??"]
[EventType "swiss"]
[EventRounds "9"]
[EventCountry "AUT"]
[SourceTitle "EXT 1999"]
[Source "ChessBase"]
[SourceDate "1998.11.16"]
[SourceVersion "1"]
[SourceVersionDate "1998.11.16"]
[SourceQuality "1"]

1. g3 Nf6 2. Nf3 g6 3. Bg2 Bg7 4. 0-0 0-0 5. d4 d6 6. c4 Nbd7 7. Nc3 e5 8. b3 Re8 9. Ba3 a6 10. e3 Rb8 11. Qc2 exd4 12. Nxd4 Nf8 13. Rfd1 Bg4 14. f3 Bd7 15. e4 Qc8 16. Rac1 h5 17. Nd5 Ne6 18. Bb2 Qd8 19. Qd2 h4 20. Nxe6 Bxe6 21. Qg5 Nxd5 22. Qxd8 Rbxd8 23. Bxg7 Ne3 24. Bf6 Nxd1 25. Bxd8 Rxd8 26. Rxd1 hxg3 27. hxg3 Rb8 28. Rc1 Kf8 29. Kf2 Ke7 30. Ke3 Kd7 31. Kd4 a5 32. Ke3 b5 33. Bf1 b4 34. Bg2 c5 35. f4 Rh8 36. Rd1 Ke7 37. Rd2 f6 38. Rf2 Bd7 39. Rd2 Rh2 40. Bf3 Rxd2 41. Kxd2 1/2-1/2

[Event "AUT-ch"]
[Site "Austria"]
[Date "1994.??.??"]
[Round "7"]
[White "Rockenschaub, Manfred"]
[Black "Vodep, Otto"]
[Result "1/2-1/2"]
[WhiteElo "2280"]
[BlackElo "2215"]
[PlyCount "88"]
[EventDate "1994.??.??"]
[EventType "swiss"]
[EventRounds "9"]
[EventCountry "AUT"]
[SourceTitle "EXT 2003"]
[Source "ChessBase"]
[SourceDate "2002.11.25"]
[SourceVersion "1"]
[SourceVersionDate "2002.11.25"]
[SourceQuality "1"]

1. Nf3 d5 2. g3 e6 3. Bg2 g6 4. 0-0 Bg7 5. d3 Ne7 6. c3 0-0 7. Nbd2 b6 8. Re1 Ba6 9. Qc2 c5 10. h4 Nbc6 11. h5 Rc8 12. hxg6 hxg6 13. Ng5 Nf5 14. Ndf3 d4 15. c4 Bb7 16. a3 Qd7 17. Ne4 Nd6 18. Nfg5 Nxe4 19. Bxe4 Ne5 20. Bxb7 Qxb7 21. Qd2 Bh6 22. Qf4 Bxg5 23. Qxe5 Bxc1 24. Rexc1 Rce8 25. b4 f6 26. Qd6 Kf7 27. bxc5 Rd8 28. Qf4 e5 29. Qf3 Qxf3 30. exf3 bxc5 31. Rab1 Rd7 32. Rb5 Rc8 33. Rcb1 Ke6 34. a4 Rh7 35. Kf1 Rh1+ 36. Ke2 Rxb1 37. Rxb1 Rc7 38. a5 g5 39. Kd2 Kd6 40. Rb8 Rh7 41. Ke2 Re7 42. Kd2 Rh7 43. Rf8 Ke6 44. Rb8 Kd6 1/2-1/2

[Event "AUT-ch"]
[Site "Austria"]
[Date "1994.??.??"]
[Round "4"]
[White "Stadler, Peter"]
[Black "Rockenschaub, Manfred"]
[Result "0-1"]
[WhiteElo "2135"]
[BlackElo "2280"]
[PlyCount "84"]
[EventDate "1994.??.??"]
[EventType "swiss"]
[EventRounds "9"]
[EventCountry "AUT"]
[SourceTitle "EXT 1999"]
[Source "ChessBase"]
[SourceDate "1998.11.16"]
[SourceVersion "1"]
[SourceVersionDate "1998.11.16"]
[SourceQuality "1"]

1. c4 b6 2. g3 Bb7 3. Nf3 c5 4. Bg2 Nf6 5. 0-0 d6 6. d4 cxd4 7. Qxd4 Nbd7 8. Nc3 g6 9. b3 Bg7 10. Bb2 0-0 11. Qd2 Nc5 12. Nd4 Bxg2 13. Kxg2 Qd7 14. Nd5 Nfe4 15. Qc2 e6 16. Ne3 e5 17. Nf3 f5 18. Rad1 Qf7 19. Ng1 Rad8 20. f3 Nf6 21. Nd5 Rfe8 22. Nxf6+ Qxf6 23. b4 Ne6 24. e3 Qg5 25. Qb3 Bh6 26. f4 Qe7 27. fxe5 dxe5 28. Bxe5 Qb7+ 29. Kf2 Rxd1 30. Rxd1 Nc5 31. bxc5 Rxe5 32. Qd3 Bxe3+ 33. Kf1 Bxc5 34. Qd8+ Bf8 35. Qf6 Qe4 36. Rd8 Qxc4+ 37. Kg2 Qe4+ 38. Kh3 Qg4+ 39. Kg2 Qe4+ 40. Kh3 Re8 41. Rd7 Be7 42. Qc3 g5 0-1

[Event "Werfen op-A"]
[Site "Werfen"]
[Date "1993.??.??"]
[Round "5"]
[White "Grimm, Sascha"]
[Black "Rockenschaub, Manfred"]
[Result "1-0"]
[WhiteElo "2320"]
[BlackElo "2270"]
[PlyCount "79"]
[EventDate "1993.08.??"]
[EventType "swiss"]
[EventRounds "9"]
[EventCountry "AUT"]
[SourceTitle "EXT 1997"]
[Source "ChessBase"]
[SourceDate "1996.11.15"]
[SourceVersion "1"]
[SourceVersionDate "1996.11.15"]
[SourceQuality "1"]

1. d4 Nf6 2. Bg5 d5 3. e3 c5 4. c3 Qb6 5. Qb3 Ne4 6. Bf4 e6 7. Nf3 Nc6 8. Bd3 Qa5 9. Bxe4 dxe4 10. Ne5 cxd4 11. Nxc6 bxc6 12. exd4 Ba6 13. Nd2 Rc8 14. 0-0-0 Qf5 15. Bg3 Be7 16. Rhe1 Bg5 17. Qa3 Bd3 18. b3 Bc2 19. Kxc2 e3+ 20. Kb2 exd2 21. Re5 Qg6 22. f4 Bf6 23. Re2 a5 24. Rdxd2 Qf5 25. Qc5 Qxc5 26. dxc5 Rd8 27. f5 Rxd2+ 28. Rxd2 exf5 29. Rd6 Ke7 30. Rxc6 Ra8 31. Rb6 g5 32. Bd6+ Kd7 33. a3 h5 34. b4 axb4 35. axb4 h4 36. b5 g4 37. Bf4 Ke7 38. c6 Bg7 39. c7 Kd7 40. Rb8 1-0